| 000 | 00723nam a2200193 a 4500 | ||
|---|---|---|---|
| 005 | 20210219160400.0 | ||
| 008 | 081028s1989 mx r 000 0 spa d | ||
| 035 | _aUPN01000164436 | ||
| 049 | _aUNE | ||
| 080 | _a376.76 (7/8) SOL No.59. | ||
| 100 | 1 | _aSoler Roca, Miguel | |
| 245 | 1 | 3 |
_aEl Analfabetismo en América Latina : _breflexiones sobre los hechos, los problemas ylas perspectivas / _cMiguel Soler Roca. |
| 260 |
_aParís : _bUNESCO, _c1989. |
||
| 300 |
_a58 p. ; _bfot. |
||
| 440 | 0 | _aEncuestas e investigaciones estadísticas: Trabajos en curso | |
| 690 | _aAnalfabetismo- America Latina | ||
| 690 | _aUNESCO. División de Estadísticas relativas a la Educación. Oficina de Estadística | ||
| 905 | _aUNESCO | ||
| 999 |
_c136548 _d136548 |
||